Visión de Nueva York / (Record no. 194474)

MARC details
000 -LEADER
campo de control de longitud fija 02411nam a2200457 i 4500
001 - NÚMERO DE CONTROL
campo de control 194474
003 - IDENTIFICADOR DE NÚMERO DE CONTROL
campo de control SpMaBN
005 - FECHA Y HORA DE LA ÚLTIMA TRANSACCIÓN
campo de control 20250831021023.0
008 - DATOS DE LONGITUD FIJA--INFORMACIÓN GENERAL
campo de control de longitud fija 231216s2005 sp | ||| ||spa
016 7# - NÚMERO DE CONTROL DE UNA AGENCIA BIBLIOGRÁFICA NACIONAL
Número de control del registro bimoBNE20050347611
Fuente SpMaBN
017 ## - NÚMERO DE COPYRIGHT O DE DEPÓSITO LEGAL
Número de copyright o de depósito legal M 15695-2005
Agencia que asigna Oficina Depósito Legal Madrid
020 ## - NÚMERO INTERNACIONAL ESTÁNDAR DEL LIBRO
Número Internacional Estándar del Libro 8478448497 Siruela
020 ## - NÚMERO INTERNACIONAL ESTÁNDAR DEL LIBRO
Número Internacional Estándar del Libro 8467212837 Círculo de Lectores
035 ## - NÚMERO DE CONTROL DEL SISTEMA
Número de control de sistema (OCoLC)433514305
040 ## - FUENTE DE CATALOGACIÓN
Centro catalogador/agencia de origen SpMaBN
Lengua de catalogación spa
Centro/agencia transcriptor SpMaBN
Normas de descripción rdc
080 ## - NÚMERO DE LA CLASIFICACIÓN DECIMAL UNIVERSAL
Número de la Clasificación Decimal Universal 75 Martín Gaite, Carmen
080 ## - NÚMERO DE LA CLASIFICACIÓN DECIMAL UNIVERSAL
Número de la Clasificación Decimal Universal 913(747 N.Y.)
080 ## - NÚMERO DE LA CLASIFICACIÓN DECIMAL UNIVERSAL
Número de la Clasificación Decimal Universal 821.134.2-992"19"
100 1# - ENTRADA PRINCIPAL--NOMBRE DE PERSONA
Nombre de persona Martín Gaite, Carmen,
Fechas asociadas al nombre 1925-2000
Número de control del registro de autoridad o número normalizado XX1007830
9 (RLIN) 77496
Término indicativo de función/relación Autor
245 10 - MENCIÓN DEL TÍTULO
Título Visión de Nueva York /
Mención de responsabilidad, etc. Carmen Martín Gaite ; con textos de Ignacio Álvarez Vara y A.B. Márquez
260 ## - PUBLICACIÓN, DISTRIBUCIÓN, ETC.
Lugar de publicación, distribución, etc. Madrid :
Nombre del editor, distribuidor, etc. Siruela ;
Lugar de publicación, distribución, etc. Barcelona ;
Nombre del editor, distribuidor, etc. Círculo de Lectores,
Fecha de publicación, distribución, etc. [2005]
300 ## - DESCRIPCIÓN FÍSICA
Extensión 189 p. :
Otras características físicas il. col. y n. ;
Dimensiones 31 cm
336 ## - TIPO DE CONTENIDO
Fuente rdacontent
Término de tipo de contenido texto
337 ## - TIPO DE MEDIO
Fuente rdamedia
Nombre/término del tipo de medio sin mediación
338 ## - TIPO DE SOPORTE
Fuente rdacarrier
Nombre/término del tipo de soporte volumen
520 ## - RESUMEN, ETC.
Sumario, etc. Visión de Nueva York, diario inédito de la escritora Carmen Martín Gaite, fue elaborado en forma de collage durante su estancia en esta ciudad entre septiembre de 1980 y comienzos de 1981. Este diario es un recorrido de la autora (a través de imágenes y pequeños comentarios) en su día a día neoyorkino y en sus contactos con la sociedad norteamericana de la época. Una obra original, y una original narración, con una visión íntima y sensible de una escritora cuya faceta de contar a través de collages era desconocida hasta ahora por sus lectores.
600 14 - PUNTO DE ACCESO ADICIONAL DE MATERIA--NOMBRE DE PERSONA
Nombre de persona Martín Gaite, Carmen,
Fechas asociadas al nombre 1925-2000
Fuente del encabezamiento o término embne
9 (RLIN) 77496
651 #0 - PUNTO DE ACCESO ADICIONAL DE MATERIA--NOMBRE GEOGRÁFICO
Nombre geográfico Nueva York (Nueva York, Estados Unidos)-
Subdivisión general Descripción
9 (RLIN) 236139
655 #7 - TERMINO DE INDIZACIÓN--GENERO/FORMA
Fuente del término tgfbne
Datos o término principal de género/forma Libros ilustrados
9 (RLIN) 193653
700 ## - ENTRADA AGREGADA--NOMBRE PERSONAL
Nombre de persona Álvarez Vara, Ignacio,
Fechas asociadas al nombre 1946-
9 (RLIN) 236140
Término indicativo de función/relación Autor
700 0# - ENTRADA AGREGADA--NOMBRE PERSONAL
Nombre de persona Márquez, A. B.
9 (RLIN) 76998
Término indicativo de función/relación Autor
700 1# - ENTRADA AGREGADA--NOMBRE PERSONAL
Nombre de persona Martín Gaite, Ana María
Término indicativo de función/relación Autor de introducción
9 (RLIN) 240732
852 ## - LOCALIZACIÓN
Ubicación ES-MaACL
Sublocalización o colección R.155125
Ubicación en estantería Depósito J
Número de control de estantería N-9891
Donativo/Legado Donación: José Lázaro García
Encuadernación Encuadernación cartoné
itemnumber 205809
852 ## - LOCALIZACIÓN
Ubicación ES-MaACL
Ubicación en estantería Hemeroteca
Número de control de estantería N-513
903 ## - NOMBRE PERSONAL DE DONANTE
9 234219
a Lázaro García, José
e Donante
942 ## - ELEMENTOS DE ENTRADA SECUNDARIOS (KOHA)
Tipo de ítem Koha Libro impreso
Suprimir en OPAC No
Holdings
Estatus retirado Estado de pérdida Fuente del sistema de clasificación o colocación Estado de daño No para préstamo Biblioteca de origen Biblioteca actual Ubicación en estantería Fecha de adquisición Total de préstamos Signatura topográfica completa Código de barras Visto por última vez Precio de reemplazo Tipo de ítem Koha Fuente de adquisición
No Opac   Clasificación decimal universal     Biblioteca del Ateneo de Madrid Biblioteca del Ateneo de Madrid Hemeroteca 17/01/2008   N-513 1108021 23/02/2023 23/02/2023 Libro impreso  
    Clasificación decimal universal     Biblioteca del Ateneo de Madrid Biblioteca del Ateneo de Madrid Depósito J 25/05/2025   N-9891 101230156 25/05/2025 25/05/2025 Libro impreso Donación